Statistics for French Regions by Borders in 30 seconds

Click here to take the quiz!

General Stats

  • This quiz has been taken 88 times
  • The average score is 12 of 18

Answers on the Map

Answers color-coded by a green-red scale on the quiz's map according to % correct below.
 

Answer Stats

region% Correct
Brittany
93%
Normandy
93%
Pays de la Loire
93%
Centre-Val de Loire
84%
Hauts-de-France
82%
Île-de-France
82%
Bourgogne-Franche-Comté
77%
Corsica
75%
Grand Est
75%
Auvergne-Rhône-Alpes
74%
Occitanie
74%
Nouvelle Aquitaine
72%
Provence-Alpes-Côte d'Azur
66%
Martinique
38%
Réunion
38%
French Guiana
34%
Guadeloupe
34%
Mayotte
34%

Score Distribution

Percentile by Number Answered

Percent of People with Each Score

Your Score History

You have not taken this quiz